|
|
|
|
| LEADER |
00000nam2a2200000 4500 |
| 001 |
118253 |
| 005 |
20231031124055.0 |
| 035 |
|
|
|a (RuTPU)RU\TPU\book\127971
|
| 035 |
|
|
|a RU\TPU\book\127968
|
| 090 |
|
|
|a 118253
|
| 100 |
|
|
|a 20070609d2005 m y0chiy50 ea
|
| 101 |
0 |
|
|a chi
|
| 102 |
|
|
|a CN
|
| 105 |
|
|
|a y z 000zy
|
| 200 |
0 |
|
|a Т. 3. Ч. 2; Кн. 2
|
| 210 |
|
|
|d 2005
|
| 215 |
|
|
|a 2453 с.-2854 с.
|
| 461 |
|
1 |
|0 (RuTPU)RU\TPU\book\128274
|y 7-104-02046-2
|t История пекинской оперы
|f под ред. Ма Шаода
|v Т. 3. Ч. 2; Кн. 2
|d 2005
|s Библиотека Китая
|
| 610 |
1 |
|
|a музыка
|
| 610 |
1 |
|
|a театральная музыка
|
| 610 |
1 |
|
|a опера
|
| 610 |
1 |
|
|a история
|
| 610 |
1 |
|
|a Китай
|
| 610 |
1 |
|
|a КНР
|
| 801 |
|
1 |
|a RU
|b 63413507
|c 20070609
|g PSBO
|
| 801 |
|
2 |
|a RU
|b 63413507
|c 20070705
|g PSBO
|
| 942 |
|
|
|c BK
|